The teacher from the black lagoon / (Record no. 1758)

MARC details
000 -LEADER
fixed length control field 00932nam a2200277 a 4500
005 - DATE AND TIME OF LATEST TRANSACTION
control field 20250819160744.0
020 ## - INTERNATIONAL STANDARD BOOK NUMBER
International Standard Book Number 0590419625 :
Terms of availability $2.50 ($3.50 Can.)
040 ## - CATALOGING SOURCE
Original cataloging agency DLC
Transcribing agency DLC
050 00 - LIBRARY OF CONGRESS CALL NUMBER
Classification number PZ7.T3
Item number Te 1989
082 00 - DEWEY DECIMAL CLASSIFICATION NUMBER
Classification number [E]
Edition number 20
100 1# - MAIN ENTRY--PERSONAL NAME
Personal name Thaler, Mike
Dates associated with a name 1936-
245 14 - TITLE STATEMENT
Title The teacher from the black lagoon /
Statement of responsibility, etc. by Mike Thaler ; pictures by Jared Lee.
260 ## - PUBLICATION, DISTRIBUTION, ETC.
Place of publication, distribution, etc. New York :
Name of publisher, distributor, etc. Scholastic,
Date of publication, distribution, etc. 1989.
300 ## - PHYSICAL DESCRIPTION
Extent 31 unnumbered pages :
Other physical details color illustrations ;
Dimensions 21 cm
505 ## - FORMATTED CONTENTS NOTE
Formatted contents note H
520 ## - SUMMARY, ETC.
Summary, etc. On the first day of school, a young boy expects only the worst when he discovers that his new teacher is the "monstrous" Mrs. Green.
521 ## - TARGET AUDIENCE NOTE
Target audience note 490 <br/>
Source Lexile
521 ## - TARGET AUDIENCE NOTE
Target audience note H <br/>
Source Raz-Plus
650 #1 - SUBJECT ADDED ENTRY--TOPICAL TERM
Topical term or geographic name entry element Teachers
General subdivision Fiction.
650 #1 - SUBJECT ADDED ENTRY--TOPICAL TERM
Topical term or geographic name entry element Schools
General subdivision Fiction.
650 #1 - SUBJECT ADDED ENTRY--TOPICAL TERM
Topical term or geographic name entry element Humorous stories.
700 1# - ADDED ENTRY--PERSONAL NAME
Personal name Lee, Jared D.
Relator term illustrator
906 ## - LOCAL DATA ELEMENT F, LDF (RLIN)
a 7
b cbc
c orignew
d 2
e ncip
f 19
g y-gencatlg
942 ## - ADDED ENTRY ELEMENTS (KOHA)
Source of classification or shelving scheme Dewey Decimal Classification
Koha item type Books
Suppress in OPAC No
999 ## -
-- 1758
-- 1758
Holdings
Withdrawn status Lost status Source of classification or shelving scheme Damaged status Not for loan Collection Home library Current library Shelving location Date acquired Total Checkouts Full call number Barcode Date last seen Date last checked out Price effective from Koha item type Copy number
    Dewey Decimal Classification     Juvenile Fiction Footprints International School Library Network Toul Kork Campus Footprints International School Library Network Toul Kork Campus TK Primary Library Room(4th Floor), Bookcase 1&2, Shelves 1-16, Dark Blue Books 09/28/2023 3 THA Fic PZ7.T3 FISBK05858 09/04/2024 08/28/2024 09/28/2023 Books  
    Dewey Decimal Classification     Juvenile Fiction Footprints International School Library Network Toul Kork Campus Footprints International School Library Network Toul Kork Campus TK Primary Library Room(4th Floor), Bookcase 1&2, Shelves 1-16, Dark Blue Books 11/25/2024 1 THA Fic PZ7.T3 FISTK00726 04/02/2025 02/04/2025 11/25/2024 Books 2
    Dewey Decimal Classification     Juvenile Fiction Footprints International School Library Network Toul Tom Poung Campus Footprints International School Library Network Toul Tom Poung Campus TTP Primary Dark Blue Bookshelves 08/19/2025   THA Fic PZ7.T3 FIS02109 08/19/2025   08/19/2025 Books 3